000 01043cam a22002894a 4500
001 14390234
005 20250225101457.0
008 060525s2007 nyua b 001 0 eng
020 _a1418018260
020 _a9781418018269
050 0 0 _aRM216
_b.T738 2007
082 0 0 _a615.8/54
_222
100 1 _aRoth, Ruth A.
245 1 0 _aNutrition & diet therapy /
_cRuth A. Roth.
250 _a9th ed.
260 _aClifton Park, NY :
_bThomson/Delmar Learning,
_cc2007.
300 _axxiv, 542 p. :
_bill. (chiefly col.) ;
_c26 cm. +
_e1 CD-ROM (4 3/4 in.)
650 0 _aDiet therapy.
650 0 _aNutrition.
650 1 2 _aDiet Therapy.
650 1 2 _aNutrition.
650 2 2 _aCookery.
856 4 2 _3Contributor biographical information
_uhttp://www.loc.gov/catdir/enhancements/fy1302/2006047296-b.html
856 4 2 _3Publisher description
_uhttp://www.loc.gov/catdir/enhancements/fy1302/2006047296-d.html
856 4 1 _3Table of contents only
_uhttp://www.loc.gov/catdir/enhancements/fy1302/2006047296-t.html
942 _2lcc
_cBK
_e9th ed.
_n0
999 _c4295
_d4295